Censura de publicaciones en Nueva España (1576-1591) (Record no. 104777)

MARC details
000 -LEADER
campo de control de longitud fija 00628nam a2200169 i 4500
001 - NÚMERO DE CONTROL
campo de control 104777
003 - IDENTIFICADOR DE NÚMERO DE CONTROL
campo de control ES-MaACL
005 - FECHA Y HORA DE LA ÚLTIMA TRANSACCIÓN
campo de control 20230906183702.0
007 - CAMPO FIJO DE DESCRIPCIÓN FÍSICA--INFORMACIÓN GENERAL
campo de control de longitud fija t|
008 - DATOS DE LONGITUD FIJA--INFORMACIÓN GENERAL
campo de control de longitud fija 051212s1950 sp ||||1| spa d
100 1# - ENTRADA PRINCIPAL--NOMBRE DE PERSONA
Nombre de persona Miralles de Imperial y Gómez, Claudio.
9 (RLIN) 81499
245 10 - MENCIÓN DEL TÍTULO
Título Censura de publicaciones en Nueva España (1576-1591)
Resto del título : anotaciones documentales /
Mención de responsabilidad, etc. Claudio Miralles de Imperial y Gómez.
260 ## - PUBLICACIÓN, DISTRIBUCIÓN, ETC.
Lugar de publicación, distribución, etc. Madrid :
Nombre del editor, distribuidor, etc. [s.n.],
Fecha de publicación, distribución, etc. 1950.
300 ## - DESCRIPCIÓN FÍSICA
Extensión 15 h. ;
Dimensiones 25 cm.
500 ## - NOTA GENERAL
Nota general Es separata de la Revista de Indias año X. octubre-diciembre 1950. nº 42. pág. 818-846.
852 ## - LOCALIZACIÓN
Ubicación ES-MaACL
Número de control de estantería 1907-F-19
Sublocalización o colección R.31293
Holdings
Estatus retirado Estado de pérdida Estado de daño No para préstamo Colección Biblioteca de origen Biblioteca actual Ubicación en estantería Fecha de adquisición Fuente de adquisición Total de préstamos Signatura topográfica completa Código de barras Visto por última vez Precio de reemplazo Tipo de ítem Koha
        Colección de folletos Biblioteca del Ateneo de Madrid Biblioteca del Ateneo de Madrid Depósito folletos 17/01/2008     1907-F-19 1109390 23/02/2023 23/02/2023 Folleto